000 00256nam a22001217a 4500
003 SGT
082 _bSHA
100 _aSHARMA, YOGENDER
245 _aSHIKSHA KE SAMAJSHATRIY AADHAR
260 _aDELHI
_bKANISHKA
_c2016
300 _a376
942 _2ddc
_cBK
999 _c19928
_d19928